Nghệ thuật phỏng vấn chính trị The fine art of the political interview
Với những mô tả súc tích, những câu chuyện nội bộ và những hiểu biết về các nhà lãnh đạo chính trị như Jimmy Carter, Keizo Obuchi, Lý Quang Diệu, Ngô Tác Đống, Ronald Reagan, Margaret Thatcher, Yitzak Rabin, Kim Dae Jung, và nhiều người khác, đây là m...
Đã lưu trong:
| Príomhúdar: | |
|---|---|
| Údair Eile: | |
| Formáid: | Leabhar |
| Teanga: | Undetermined |
| Foilsithe: |
Tp. Hồ Chí Minh
Nxb. Trẻ
2018
|
| Ábhair: | |
| Rochtain Ar Líne: | http://lrc.tdmu.edu.vn/opac/search/detail.asp?aID=2&ID=35241 |
| Clibeanna: |
Cuir Clib Leis
Gan Chlibeanna, Bí ar an gcéad duine leis an taifead seo a chlibeáil!
|
| Thư viện lưu trữ: | Trung tâm Học liệu Trường Đại học Thủ Dầu Một |
|---|
| LEADER | 01362nam a2200229Ia 4500 | ||
|---|---|---|---|
| 001 | TDMU_35241 | ||
| 008 | 210410s9999 xx 000 0 und d | ||
| 082 | |a 351.59775 | ||
| 090 | |b P110 | ||
| 100 | |a Plate, Tom | ||
| 245 | 0 | |a Nghệ thuật phỏng vấn chính trị | |
| 245 | 4 | |b The fine art of the political interview | |
| 245 | 0 | |c Tom Plate; Lê Thùy Giang (dịch) | |
| 260 | |a Tp. Hồ Chí Minh | ||
| 260 | |b Nxb. Trẻ | ||
| 260 | |c 2018 | ||
| 300 | |a 275tr. | ||
| 520 | |a Với những mô tả súc tích, những câu chuyện nội bộ và những hiểu biết về các nhà lãnh đạo chính trị như Jimmy Carter, Keizo Obuchi, Lý Quang Diệu, Ngô Tác Đống, Ronald Reagan, Margaret Thatcher, Yitzak Rabin, Kim Dae Jung, và nhiều người khác, đây là một quyển sách quan trọng, không chỉ tiết lộ nhiều điều mà còn mang tính giải trí – nửa giáo khoa, nửa hồi ký… và tất cả đều đúng | ||
| 650 | |a Nhà chính trị |x Phỏng vấn |z Châu Á; Phỏng vấn trong báo chí |z Châu Á | ||
| 700 | |a Lê, Thùy Giang | ||
| 856 | |u http://lrc.tdmu.edu.vn/opac/search/detail.asp?aID=2&ID=35241 | ||
| 980 | |a Trung tâm Học liệu Trường Đại học Thủ Dầu Một | ||